[Event "AUTO-OPEN-4636"]
[Site "http://www.queenalice.com/game.php?id=1868556"]
[Date "2026.1.27"]
[Round "1"]
[White "EdsonEstevam"]
[Black "Slarty_Bartfast"]
[Result "0-1"]
[WhiteElo "1728"]
[BlackElo "1802"]

1. e4 d6 2. d4 Nf6 3. Nc3 g6 4. Bg5 Bg7 5. Bc4 O-O 6. h3 Nbd7 7. e5 dxe5 8. dxe5
Nxe5 9. Bb3 c6 10. Nf3 Nxf3+ 11. Qxf3 Qa5 12. Qe3 Nd5 13. Bxd5 cxd5 14. Qd2 Bxc3
15. bxc3 f6 16. Bh6 Re8 17. O-O b6 18. Rfe1 Bb7 19. Re3 e5 20. Qd1 Rac8 21. Qg4
Re7 22. Rd1 Rc4 23. Qe2 Rxc3 24. f4 Rxe3 25. Qxe3 Qc5 26. Qxc5 bxc5 27. Re1 e4
28. g4 d4 29. h4 e3 30. Kf1 Bf3 31. g5 f5 32. Kg1 c4 33. a4 d3 34. Bf8 Kxf8 35.
Kh2 d2 36. c3 dxe1=Q 37. h5 Qh4+ 38. Kg1 Qh1# 0-1

[Event "AUTO-OPEN-4636"]
[Site "http://www.queenalice.com/game.php?id=1868557"]
[Date "2026.1.27"]
[Round "1"]
[White "Slarty_Bartfast"]
[Black "EdsonEstevam"]
[Result "1-0"]
[WhiteElo "1806"]
[BlackElo "1756"]

1. d4 d5 2. c4 c6 3. Nc3 Nf6 4. Nf3 Bg4 5. h3 Bxf3 6. gxf3 e6 7. e4 Bb4 8. Bd2
Bxc3 9. Bxc3 b6 10. e5 Nfd7 11. Bd3 Qg5 12. Qd2 Qg2 13. O-O-O Qxf3 14. Rdg1 c5
15. Qe3 Qh5 16. Rxg7 Nc6 17. Be2 Qh4 18. Rg4 Qe7 19. Rhg1 O-O-O 20. Rg7 h5 21.
Qg5 h4 22. Qxe7 Nxe7 23. Rxf7 Nc6 24. dxc5 bxc5 25. cxd5 exd5 26. e6 d4 27.
exd7+ Rxd7 28. Bg4 Rd8 29. Bd2 d3 30. Bxd7+ Rxd7 31. Rg8+ Kc7 32. Bf4+ Ne5 33.
Bxe5+ Kc6 34. Rg6+ Kd5 35. Rxd7+ Ke4 36. Rg5 a5 37. Bc3 c4 38. Re5+ Kf3 39. Rf7+
Kg2 40. Rg5+ Kh2 41. Re7 a4 42. Re1 d2+ 43. Bxd2 c3 44. Bxc3 a3 45. b4 Kxh3 46.
Rh1# 1-0

[Event "AUTO-OPEN-4636"]
[Site "http://www.queenalice.com/game.php?id=1868580"]
[Date "2026.1.27"]
[Round "1"]
[White "Slarty_Bartfast"]
[Black "game"]
[Result "1-0"]
[WhiteElo "1791"]
[BlackElo "1672"]

1. d4 d5 2. c4 dxc4 3. e4 b5 4. Nc3 a6 5. Nf3 e6 6. Be3 b4 7. Na4 Bd7 8. Bxc4
Nf6 9. e5 Ne4 10. b3 Be7 11. Qc2 f5 12. O-O-O O-O 13. d5 f4 14. Qxe4 fxe3 15.
fxe3 Bg5 16. dxe6 Kh8 17. exd7 c6 18. Nc5 Ra7 19. Ne6 Qb6 20. Nfxg5 Nxd7 21.
Qxh7# 1-0

[Event "AUTO-OPEN-4636"]
[Site "http://www.queenalice.com/game.php?id=1868582"]
[Date "2026.1.27"]
[Round "1"]
[White "Slarty_Bartfast"]
[Black "IranSilva"]
[Result "0-1"]
[WhiteElo "1862"]
[BlackElo "2156"]

1. d4 d5 2. c4 c6 3. Nc3 Nf6 4. Nf3 e6 5. Bf4 Bd6 6. Bxd6 Qxd6 7. c5 Qe7 8. Qc2
Nbd7 9. e3 O-O 10. Bd3 e5 11. e4 dxe4 12. Nxe4 exd4 13. O-O-O Nxe4 14. Bxe4 Nf6
15. Rxd4 Bg4 16. Re1 Qc7 17. Bxh7+ Nxh7 18. Rxg4 Nf6 19. Rh4 Rfe8 20. g4 Qf4+
21. Kb1 Qxf3 22. Rxe8+ Rxe8 0-1

[Event "AUTO-OPEN-4636"]
[Site "http://www.queenalice.com/game.php?id=1868583"]
[Date "2026.1.27"]
[Round "1"]
[White "IranSilva"]
[Black "Slarty_Bartfast"]
[Result "0-1"]
[WhiteElo "2167"]
[BlackElo "1820"]

1. d4 Nf6 2. c4 d6 3. Nc3 g6 4. e4 Bg7 5. h3 O-O 6. Bd3 e5 7. d5 c6 8. Nge2 Nbd7
9. O-O Nc5 10. Bc2 a5 11. b3 Bd7 12. a3 b5 13. dxc6 Bxc6 14. cxb5 Bb7 15. Bg5 h6
16. Bxf6 Bxf6 17. Nd5 Bg7 18. Nec3 Rc8 19. a4 Qg5 20. Rc1 f5 21. exf5 gxf5 22.
Nb6 Qxg2# 0-1

[Event "AUTO-OPEN-4639"]
[Site "http://www.queenalice.com/game.php?id=1869399"]
[Date "2026.2.18"]
[Round "1"]
[White "chessman"]
[Black "Slarty_Bartfast"]
[Result "1-0"]
[WhiteElo "1939"]
[BlackElo "1843"]

1. e4 d6 2. d4 Nf6 3. Bd3 g6 4. Nf3 Bg7 5. O-O O-O 6. Re1 Bg4 7. h3 Bxf3 8. Qxf3
Nbd7 9. c3 e5 10. d5 c6 11. c4 Nc5 12. Bc2 a5 13. Be3 Na6 14. a3 Rc8 15. Bd3 c5
16. Nc3 b6 17. Nb5 Qd7 18. Bg5 Ne8 19. Bd2 Nec7 20. Nxc7 Rxc7 21. Qe3 f6 22. f4
Bh6 23. Qf3 Qe8 24. Rad1 1-0

[Event "AUTO-OPEN-4639"]
[Site "http://www.queenalice.com/game.php?id=1869423"]
[Date "2026.2.18"]
[Round "1"]
[White "Capixabba789"]
[Black "Slarty_Bartfast"]
[Result "1-0"]
[WhiteElo "1902"]
[BlackElo "1869"]

1. d4 Nf6 2. c4 d6 3. Nc3 Nbd7 4. f4 g6 5. Nf3 Bg7 6. e3 c6 7. Bd3 O-O 8. O-O a6
9. Bd2 b5 10. cxb5 axb5 11. f5 b4 12. Ne2 c5 13. dxc5 dxc5 14. fxg6 fxg6 15. Nf4
Nb6 16. Bb5 Nfd5 17. Nxd5 Nxd5 18. Be1 Nxe3 19. Qb3+ Nd5 20. Bc6 Be6 21. Bxa8
Qxa8 22. Qd3 Qa7 23. Kh1 Bxb2 24. Rd1 Bf6 25. Qe2 Nc7 26. Bf2 Qa5 27. Bg3 1-0

[Event "AUTO-OPEN-4639"]
[Site "http://www.queenalice.com/game.php?id=1869424"]
[Date "2026.2.18"]
[Round "1"]
[White "Slarty_Bartfast"]
[Black "Capixabba789"]
[Result "1-0"]
[WhiteElo "1858"]
[BlackElo "1832"]

1. d4 e5 2. dxe5 d5 3. exd6 Bxd6 4. Nc3 Nf6 5. Bg5 O-O 6. e4 Nc6 7. f4 Be7 8.
Bc4 Bg4 9. Qxd8 Bxd8 10. h3 Be6 11. Bxe6 fxe6 12. O-O-O a6 13. g4 Ne8 14. Nge2
Bxg5 15. fxg5 Nd6 16. Rdf1 Rxf1+ 17. Rxf1 e5 18. Ng3 Nd4 19. Nd5 c6 20. Ne7+ Kh8
21. Rd1 c5 22. c3 Nf3 23. Rxd6 Nxg5 24. h4 Nf3 25. h5 b5 26. Ngf5 1-0

[Event "AUTO-OPEN-4639"]
[Site "http://www.queenalice.com/game.php?id=1869439"]
[Date "2026.2.18"]
[Round "1"]
[White "Slarty_Bartfast"]
[Black "josebaron"]
[Result "0-1"]
[WhiteElo "1873"]
[BlackElo "2170"]

1. d4 d5 2. c4 dxc4 3. e4 e5 4. Nf3 exd4 5. Bxc4 Bb4+ 6. Bd2 Bxd2+ 7. Nbxd2 Be6
8. Bxe6 fxe6 9. Qa4+ c6 10. Nxd4 e5 11. N4f3 Qe7 12. O-O Nf6 13. Rfe1 O-O 14.
Nc4 b5 15. Qb3 bxc4 16. Qxc4+ Kh8 17. h3 a5 18. g4 Nxg4 19. hxg4 Rxf3 20. Rad1
Qg5 21. Kf1 Qh4 22. Re3 Qxf2# 0-1

[Event "AUTO-OPEN-4639"]
[Site "http://www.queenalice.com/game.php?id=1869440"]
[Date "2026.2.18"]
[Round "1"]
[White "josebaron"]
[Black "Slarty_Bartfast"]
[Result "1-0"]
[WhiteElo "2145"]
[BlackElo "1854"]

1. e4 d6 2. Nf3 Nf6 3. d4 Bg4 4. Bd3 g6 5. O-O Nc6 6. c3 Bg7 7. h3 Bxf3 8. Qxf3
O-O 9. Bg5 h6 10. Bh4 g5 11. Bg3 e5 12. d5 Ne7 13. Nd2 c6 14. dxc6 bxc6 15. a4
d5 16. exd5 cxd5 17. Bxe5 Nc6 18. Bxf6 Bxf6 19. Qf5 Re8 20. Qh7+ Kf8 21. Qxh6+
Bg7 22. Qxc6 Re6 23. Qc5+ Kg8 24. Nf3 Bf8 25. Qd4 Bg7 26. Qg4 Bf6 27. Rfe1 Qb6
28. Nxg5 Rxe1+ 29. Rxe1 Bg7 30. Qh5 1-0

[Event "AUTO-OPEN-4640"]
[Site "http://www.queenalice.com/game.php?id=1869627"]
[Date "2026.2.22"]
[Round "1"]
[White "Slarty_Bartfast"]
[Black "Fredo"]
[Result "0-1"]
[WhiteElo "1850"]
[BlackElo "2073"]

1. d4 Nf6 2. c4 g6 3. Nc3 d5 4. Nf3 Bg7 5. cxd5 Nxd5 6. e4 Nxc3 7. bxc3 c5 8.
Be3 O-O 9. Qb3 cxd4 10. cxd4 Nc6 11. Bd3 Nxd4 12. Nxd4 Bxd4 13. Bc4 Bxa1 14. O-O
Bg7 15. g3 Bh3 16. Rd1 Qc7 17. Bf4 e5 18. Be3 Rfd8 19. Bxf7+ Qxf7 0-1

[Event "AUTO-OPEN-4640"]
[Site "http://www.queenalice.com/game.php?id=1869628"]
[Date "2026.2.22"]
[Round "1"]
[White "Fredo"]
[Black "Slarty_Bartfast"]
[Result "0-1"]
[WhiteElo "2080"]
[BlackElo "1842"]

1. e4 d6 2. Nc3 Nf6 3. f4 g6 4. Nf3 Bg4 5. Bc4 Bg7 6. O-O Nbd7 7. d3 e5 8. Qe1
Bxf3 9. Rxf3 O-O 10. f5 Nb6 11. Bb3 c6 12. a4 d5 13. fxg6 fxg6 14. Bg5 Kh8 15.
Rd1 d4 16. Ne2 c5 17. a5 Nbd7 18. a6 bxa6 19. Qh4 Qb6 20. Rdf1 Rad8 21. Kh1 a5
22. Qh3 Qc6 23. Bd5 Qd6 24. Bb3 Rb8 25. Ra1 Rb5 26. Bc1 h5 27. Bd2 Qc7 28. Bc1
Nb6 29. Ba2 c4 30. dxc4 Nxc4 31. Rb3 Nxe4 0-1

[Event "AUTO-OPEN-4640"]
[Site "http://www.queenalice.com/game.php?id=1869630"]
[Date "2026.2.22"]
[Round "1"]
[White "Esvir"]
[Black "Slarty_Bartfast"]
[Result "1-0"]
[WhiteElo "2033"]
[BlackElo "1829"]

1. e4 d6 2. Bc4 Nf6 3. Nc3 c6 4. h3 b5 5. Bb3 b4 6. Nce2 Nxe4 7. d3 Nf6 8. Nf3
c5 9. Ng5 e6 10. O-O g6 11. a3 Nc6 12. axb4 Nxb4 13. c3 Nc6 14. Nf4 d5 15. Ba4
Bd7 16. Re1 Bd6 17. Qf3 O-O 18. h4 h5 19. Bc2 c4 20. d4 Nh7 21. Nxh7 Kxh7 22.
Qxh5+ Kg7 23. Nxg6 f6 24. Nxf8 Kxf8 25. Qh6+ Ke8 26. Bg6+ 1-0

[Event "AUTO-OPEN-4640"]
[Site "http://www.queenalice.com/game.php?id=1869631"]
[Date "2026.2.22"]
[Round "1"]
[White "Slarty_Bartfast"]
[Black "chessman"]
[Result "0-1"]
[WhiteElo "1820"]
[BlackElo "1962"]

1. d4 d5 2. c4 c6 3. Nc3 Nf6 4. Nf3 e6 5. Bg5 Be7 6. e3 O-O 7. Bd3 Nbd7 8. Qc2
h6 9. Bh4 Re8 10. O-O-O dxc4 11. Bxc4 b5 12. Bb3 a5 13. a4 b4 14. Ne2 Nd5 15.
Bxe7 Qxe7 16. e4 N5b6 0-1

[Event "AUTO-OPEN-4640"]
[Site "http://www.queenalice.com/game.php?id=1869632"]
[Date "2026.2.22"]
[Round "1"]
[White "chessman"]
[Black "Slarty_Bartfast"]
[Result "1-0"]
[WhiteElo "1951"]
[BlackElo "1831"]

1. e4 d6 2. d4 Nf6 3. Bd3 g6 4. f4 Bg4 5. Nf3 Nc6 6. c3 Bg7 7. O-O O-O 8. h3
Bxf3 9. Qxf3 e6 10. Nd2 a6 11. Nb3 b5 12. Be3 Ne7 13. Rac1 c6 14. c4 Nd7 15.
cxb5 axb5 16. Rfe1 Rxa2 17. Rb1 1-0

[Event "AUTO-ADV-4929"]
[Site "http://www.queenalice.com/game.php?id=1871719"]
[Date "2026.4.8"]
[Round "1"]
[White "Slarty_Bartfast"]
[Black "zubarev"]
[Result "0-1"]
[WhiteElo "1882"]
[BlackElo "1933"]

1. d4 d5 2. c4 Nf6 3. Nc3 e6 4. Nf3 Bb4 5. Bd2 O-O 6. e3 Bxc3 7. bxc3 Nbd7 8.
cxd5 Nxd5 9. Bd3 f5 10. c4 N5f6 11. Qb3 Ne4 12. Bc3 Ndf6 13. O-O Nxc3 14. Qxc3
Bd7 15. Rab1 a6 16. Rxb7 Bc6 17. Rb2 Bxf3 18. gxf3 Qe8 19. c5 Nd5 20. Qc2 Qh5
21. Be2 Rf6 22. f4 Qh3 23. Kh1 Rh6 0-1

[Event "AUTO-ADV-4929"]
[Site "http://www.queenalice.com/game.php?id=1871721"]
[Date "2026.4.8"]
[Round "1"]
[White "Slarty_Bartfast"]
[Black "dosoldini"]
[Result "1-0"]
[WhiteElo "1820"]
[BlackElo "1640"]

1. d4 d5 2. c4 c5 3. Nc3 Qa5 4. e3 Nf6 5. Bd2 Qc7 6. Nf3 a6 7. cxd5 Qd6 8. e4 e6
9. e5 Qe7 10. d6 Qd8 11. dxc5 Nd5 12. Nxd5 exd5 13. Nd4 Nd7 14. Qa4 g6 15. Qb3
Bg7 16. f4 O-O 17. Qxd5 Bxe5 18. fxe5 Re8 19. Bf4 Nf6 20. Qf3 Bg4 21. Qb3 Qd7
22. h3 Be6 23. Nxe6 Rxe6 24. Bc4 Re7 25. dxe7 Qxe7 26. Bxf7+ 1-0

[Event "AUTO-ADV-4929"]
[Site "http://www.queenalice.com/game.php?id=1871722"]
[Date "2026.4.8"]
[Round "1"]
[White "dosoldini"]
[Black "Slarty_Bartfast"]
[Result "0-1"]
[WhiteElo "1650"]
[BlackElo "1810"]

1. e4 d6 2. Be2 Nf6 3. Nc3 g6 4. h3 Bg7 5. d4 O-O 6. Nf3 Nbd7 7. Bf4 a6 8. e5
Nh5 9. b4 Nxf4 10. Bf1 dxe5 11. Ng5 exd4 12. Qg4 Nxg2+ 13. Bxg2 dxc3 14. O-O e6
15. Nxe6 fxe6 16. Qxe6+ Kh8 0-1

[Event "AUTO-OPEN-4652"]
[Site "http://www.queenalice.com/game.php?id=1873419"]
[Date "2026.5.15"]
[Round "1"]
[White "Carlos19"]
[Black "Slarty_Bartfast"]
[Result "0-1"]
[WhiteElo "1555"]
[BlackElo "1858"]

1. e4 d6 2. Bc4 Nf6 3. Nc3 c5 4. Nf3 g6 5. Ng5 e6 6. d3 Bg7 7. Bb5+ Bd7 8. Bxd7+
Nbxd7 9. O-O O-O 10. Bf4 Nb6 11. a3 h6 12. Nf3 g5 13. Be3 d5 14. exd5 Nfxd5 15.
Bxc5 Re8 16. Bxb6 axb6 17. d4 f5 18. Nxd5 Qxd5 19. b3 g4 20. Nh4 Bf6 21. g3 Bxd4
22. Rb1 Rxa3 23. c4 Qc5 24. Qe1 Ra2 25. Ng6 Kf7 26. Nh4 Kf6 27. Qc1 Bxf2+ 28.
Kh1 Qc6+ 29. Ng2 Be3 30. Rb2 Bxc1 31. Rxa2 Bg5 32. Kg1 e5 33. h4 gxh3 34. Ne1
Ke6 35. Kh2 f4 36. gxf4 Bxf4+ 37. Kxh3 Rg8 38. Rff2 Rg3+ 39. Kh4 Qh1+ 0-1

[Event "AUTO-OPEN-4652"]
[Site "http://www.queenalice.com/game.php?id=1873420"]
[Date "2026.5.15"]
[Round "1"]
[White "Slarty_Bartfast"]
[Black "Carlos19"]
[Result "1-0"]
[WhiteElo "1836"]
[BlackElo "1579"]

1. d4 Nf6 2. c4 e6 3. Nc3 Bb4 4. Bd2 Nc6 5. a3 Bxc3 6. Bxc3 Ne4 7. f3 Nxc3 8.
bxc3 Na5 9. e4 c6 10. Bd3 g6 11. Ne2 f5 12. e5 a6 13. g4 fxg4 14. fxg4 g5 15.
Rf1 Rf8 16. Rxf8+ Kxf8 17. Bxh7 d6 18. Qd3 Qe7 19. exd6 Qxd6 20. h3 e5 21. c5
Qf6 22. O-O-O Nb3+ 23. Kb1 Ke7 24. dxe5 Qxe5 25. Qd8+ Kf7 26. Rf1+ Kg7 27. Qg8+
1-0

[Event "AUTO-OPEN-4652"]
[Site "http://www.queenalice.com/game.php?id=1873445"]
[Date "2026.5.15"]
[Round "1"]
[White "Jomaley"]
[Black "Slarty_Bartfast"]
[Result "0-1"]
[WhiteElo "1614"]
[BlackElo "1821"]

1. e4 d6 2. g3 Nf6 3. d3 g6 4. Bg5 Bg7 5. h4 h6 6. Bxf6 Bxf6 7. Bh3 Bxb2 8. c3
Bxa1 9. Kd2 Bxh3 10. Nxh3 e5 11. Na3 Bxc3+ 12. Kxc3 c6 13. Nc4 b5 14. Na5 Qxa5+
15. Kb2 c5 16. h5 O-O 17. hxg6 fxg6 18. Qb3+ Kg7 19. f4 Qb4 20. Qxb4 cxb4 21. f5
gxf5 22. exf5 Rxf5 23. Kb3 Nc6 24. a4 bxa3 25. Kxa3 Rf3 26. Rd1 Raf8 27. Ng1
Rxg3 28. Ne2 Re3 29. Rd2 Rf2 30. Kb3 Rfxe2 31. Rxe2 Rxe2 0-1

[Event "AUTO-OPEN-4652"]
[Site "http://www.queenalice.com/game.php?id=1873446"]
[Date "2026.5.15"]
[Round "1"]
[White "Slarty_Bartfast"]
[Black "Jomaley"]
[Result "1-0"]
[WhiteElo "1829"]
[BlackElo "1612"]

1. d4 d5 2. c4 e6 3. Nc3 Bb4 4. Nf3 dxc4 5. e3 Bxc3+ 6. bxc3 b5 7. a4 bxa4 8.
Qxa4+ Bd7 9. Qxc4 Nf6 10. Ba3 a5 11. Bd3 Nd5 12. Qc5 c6 13. Ne5 f6 14. Nxd7 Nxd7
15. Qxc6 Nc7 16. Bc5 f5 17. Bb5 Kf7 18. Qxd7+ Qxd7 19. Bxd7 Nd5 20. Kd2 Rhd8 21.
Bc6 Rdc8 22. Bxa8 Rxa8 23. Rhb1 f4 24. Rb7+ Kg6 25. e4 Nf6 26. f3 h5 27. h4 Rd8
28. Be7 Ra8 29. Bxf6 Kxf6 30. c4 g5 31. hxg5+ Kxg5 32. c5 a4 33. c6 Kh4 34. Rg7
a3 35. Rh1# 1-0